000 00261nam a22001217a 4500
082 _a030
_bNOR/A
100 _aNORMAN, C J
245 _aAIRCRAFT CARRIERS
260 _aLONDON
_bWATTS FRANKLIN
300 _a32
650 _aGENERAL AWARENESS
_zLONDON
942 _cBK
999 _c3092
_d3092